000 00335nam a2200145 i 4500
001 bg
100 1 _aPAWLICKI, K.
245 0 _aElementy dźwignic /
_cK. Pawlicki. Cz.2.
250 _aWyd.6 popr. i uakt.
260 _aWarszawa,
_c1982.
040 _cBPK
041 _apol
942 _cKS
008 s pl f |000 0 pol
999 _c6064
_d6064
856 _uhttp://koha.tu.koszalin.pl/cgi-bin/koha/opac-detail.pl?biblionumber=6064
_yKatalog online BPK